Effect of tree density on growth of rubber in North Eastern region of India (Record no. 58219)
[ view plain ]
| 000 -LEADER | |
|---|---|
| fixed length control field | 01146nam a2200169Ia 4500 |
| 100 ## - MAIN ENTRY--AUTHOR NAME | |
| Personal name | Dey S.K |
| 245 #0 - TITLE STATEMENT | |
| Title | Effect of tree density on growth of rubber in North Eastern region of India |
| 260 ## - PUBLICATION, DISTRIBUTION, ETC. (IMPRINT) | |
| Name of publisher | Rubber Science |
| Year of publication | 2019 |
| 300 ## - PHYSICAL DESCRIPTION | |
| Number of Pages | 26-31 |
| 520 ## - SUMMARY, ETC. | |
| Summary, etc | A trial on planting density was conducted in clone RRII 429 with six densities viz 408, 445, 489, 544, 613 and 699 in rectangular planting. Growth of the plants was significantly influenced by the different densities sixth years after planting. The density up to 544 trees ha-1 attained required tappable girth by the end of seventh year. The percentage of tappable trees was low in the denser plantings. Plants at the lower density showed high girth increment in all the years. Seasonal variation in growth was observed. Highest girth increment was observed in monsoon season followed by post monsoon and lowest in winter season. Lower planting density produced higher tree girth and thick virgin bark. |
| 650 ## - SUBJECT ADDED ENTRY--TOPICAL TERM | |
| Topical Term | Growth |
| 650 ## - SUBJECT ADDED ENTRY--TOPICAL TERM | |
| Topical Term | Hevea brasiliensis |
| 650 ## - SUBJECT ADDED ENTRY--TOPICAL TERM | |
| Topical Term | North-East India |
| 650 ## - SUBJECT ADDED ENTRY--TOPICAL TERM | |
| Topical Term | Planting density |
| 942 ## - ADDED ENTRY ELEMENTS (KOHA) | |
| Koha item type | Journals |
| Withdrawn status | Lost status | Damaged status | Not for loan | Home library | Current library | Shelving location | Date acquired | Serial Enumeration / chronology | Koha item type |
|---|---|---|---|---|---|---|---|---|---|
| Journals | RRII Library | RRII Library | Physiology | 17/12/2021 | Volume 32, Issue 1 | Journals |